| 000 | 00648nam a2200169Ia 4500 | ||
|---|---|---|---|
| 008 | 090711s9999 xx 000 0 und d | ||
| 082 | _b315 | ||
| 100 | _aलाटकर नारायण स. | ||
| 245 | _aजलसिंSान अभियांत्रिकी | ||
| 260 |
_bकॉन्टीनेन्टल प्रकाशन _c1976 |
||
| 300 | _a604 | ||
| 600 | _aलाटकर नारायण स. | ||
| 630 | _aजलसिंSान अभियांत्रिकी | ||
| 700 | _aलाटकर नारायण स. | ||
| 730 | _aजलसिंSान अभियांत्रिकी | ||
| 942 | _cBOOK | ||
| 999 |
_c323745 _d323745 |
||